Top 10 Countries that Produce the Most Coconuts - Statistics

General Stats
  • This quiz has been taken 1,433 times
  • The average score is 7 of 10
Answer Stats
# Tonnes Country % Correct
11 mil India
89%
19 mil Indonesia
89%
2.9 mil Brazil
87%
1 mil Thailand
76%
653 k Malaysia
75%
1.1 mil Mexico
75%
14 mil Philippines
73%
1.3 mil Vietnam
71%
2.1 mil Sri Lanka
47%
1.2 mil Papua New Guinea
40%
No matching quizzes found
Score Distribution
Percent of People with Each Score
Percentile by Number Answered
Your Score History
You have not taken this quiz